000 00747nam a2200205Ia 4500
005 20250508162749.0
008 008 250505s9999 xx 000 0 eng d
020 _a92-803-1137-9
037 _aTextual
040 _aFEDL
_beng
_cFEDL
041 _aeng
_2eng
084 _a379.111, UNE
_qFEDL
100 _aCaillods Francoise Ed.
_9620059
245 0 _aProspects for educational planning: A workshop organised by IIEP on the occasion of its 25th anniversary
245 0 _cUnesco: International Institute for Educational Planning (Paris France)
260 _aParis, France
_bUNESCO: International Institute for Education Planning
_c1989
300 _avi,337p
942 _cTEXL
_h379.111, UNE
999 _c1378557
_d1378557